Mimpi Musim Panas

Bibliographic Details
Main Author: Shakespeare, William
Format: Book
Published: Kuala Lumpur : Institut Terjemahan Negara Malaysia , 1995
Series:Siri Sastera Klasik
Subjects:

MARC

LEADER 00000cam a2200000 7i4500
001 0000075125
005 20111221.0
008 101112 bm
020 |a 983068072x 
090 0 0 |a J 808.8 SHA 
100 1 |a Shakespeare, William 
245 1 0 |a Mimpi Musim Panas   |c William Shakespeare 
260 |a Kuala Lumpur :   |b Institut Terjemahan Negara Malaysia ,   |c 1995 
300 |a 62p. :   |b ill. ;   |c 20 cm. 
440 0 |a Siri Sastera Klasik 
650 0 0 |a English literature   |x Collection 
999 |a 0000092170   |b Buku   |c Koleksi Pinjaman Kanak-Kanak   |e Perpustakaan Cawangan Merlimau 
999 |a 0000113288   |b Buku   |c Koleksi Pinjaman Kanak-Kanak   |e Perpustakaan Cawangan Masjid Tanah 
999 |a 0000117957   |b Buku   |c Koleksi Pinjaman Kanak-Kanak   |e Perbadanan Perpustakaan Awam Melaka 
999 |a 0000261183   |b Buku   |c Koleksi Pinjaman Kanak-Kanak   |e PK Melaka Mall 
999 |a 0000412841   |b Buku   |c Koleksi Pinjaman Kanak-Kanak   |e Perpustakaan Cawangan Jasin